[Event "Dvorkovich Memorial op 5th"]
[Site "Taganrog"]
[Date "2010.08.10"]
[Round "9"]
[White "Olshansky, Alexander"]
[Black "Ostrovsky, Alexander"]
[Result "0-1"]
[WhiteElo "2206"]
[BlackElo "2362"]
[PlyCount "106"]
[EventDate "2010.08.02"]
[EventType "swiss"]
[EventRounds "9"]
[EventCountry "RUS"]
[SourceTitle "EXT 2013"]
[Source "ChessBase"]
[SourceDate "2012.11.22"]
[SourceVersion "1"]
[SourceVersionDate "2012.11.22"]
[SourceQuality "1"]

1. d4 Nf6 2. c4 d6 3. Nc3 Nbd7 4. e4 e5 5. Nf3 c6 6. Be2 Be7 7. 0-0 0-0 8. Qc2 a6 9. a4 a5 10. Rd1 Qc7 11. h3 Re8 12. Be3 Bf8 13. d5 Nc5 14. Nd2 g6 15. Rac1 Nfd7 16. f3 Na6 17. Na2 Ndc5 18. b3 f5 19. g4 f4 20. Bf2 h5 21. Kg2 Be7 22. Rh1 Kh7 23. Qd1 Bd7 24. Rb1 Rf8 25. Kf1 Kg7 26. Rc1 hxg4 27. hxg4 Rh8 28. Kg2 Rxh1 29. Qxh1 Rh8 30. Qd1 Qd8 31. Qc2 Bh4 32. Rh1 Bxf2 33. Rxh8 Qxh8 34. Kxf2 Qh2+ 35. Ke1 Qg1+ 36. Nf1 Qd4 37. Qb1 Kf6 38. Nd2 Qe3 39. Kd1 Kg5 40. Bf1 Nb4 41. Nxb4 axb4 42. Qc2 Kh4 43. Kc1 Qc3 44. Kb1 Qxc2+ 45. Kxc2 Kg3 46. Kc1 g5 47. Kd1 cxd5 48. cxd5 Nxb3 49. Nxb3 Bxa4 50. Kc2 Kxf3 51. Kb2 Bxb3 52. Kxb3 Kxg4 53. Kxb4 f3 0-1

[Event "RUS IPCA-ch"]
[Site "Adler"]
[Date "2009.10.13"]
[Round "?"]
[White "Obodchuk, Andrei"]
[Black "Olshansky, Alexander"]
[Result "1-0"]
[WhiteElo "2391"]
[BlackElo "2202"]
[PlyCount "37"]
[EventDate "2009.10.07"]
[EventType "swiss"]
[EventRounds "9"]
[EventCountry "RUS"]
[SourceTitle "EXT 2023"]
[Source "ChessBase"]
[SourceDate "2022.10.05"]
[SourceVersion "1"]
[SourceVersionDate "2022.10.05"]
[SourceQuality "1"]

1. e4 c5 2. Nf3 e6 3. d4 cxd4 4. Nxd4 Nf6 5. Nc3 d6 6. Be3 a6 7. f3 Nbd7 8. g4 h6 9. Qd2 b5 10. 0-0-0 Bb7 11. h4 d5 12. Bh3 e5 13. g5 Nh5 14. Nb3 d4 15. Qh2 Qb8 16. Bxd7+ Kxd7 17. Ne2 Bd6 18. Nexd4 g6 19. Ne2 1-0

[Event "RUS IPCA-ch"]
[Site "Adler"]
[Date "2009.10.12"]
[Round "?"]
[White "Olshansky, Alexander"]
[Black "Kuprin, Vladimir"]
[Result "1-0"]
[WhiteElo "2202"]
[BlackElo "2163"]
[PlyCount "91"]
[EventDate "2009.10.07"]
[EventType "swiss"]
[EventRounds "9"]
[EventCountry "RUS"]
[SourceTitle "EXT 2023"]
[Source "ChessBase"]
[SourceDate "2022.10.05"]
[SourceVersion "1"]
[SourceVersionDate "2022.10.05"]
[SourceQuality "1"]

1. d4 d5 2. c4 c6 3. e3 Nf6 4. Nc3 e6 5. Nf3 a6 6. b3 Bb4 7. Bd2 Nbd7 8. Bd3 0-0 9. 0-0 Bd6 10. e4 dxc4 11. bxc4 e5 12. d5 Nc5 13. Bc2 Bg4 14. Qe2 Qc7 15. a4 a5 16. Rac1 Nfd7 17. h3 Bh5 18. g4 Bg6 19. Nh4 Na6 20. Nf5 Nb4 21. Nxd6 Qxd6 22. Be3 Nc5 23. f3 cxd5 24. Nb5 Qe7 25. cxd5 b6 26. d6 Qd7 27. Bxc5 bxc5 28. Bb3 Rac8 29. Qe3 Na6 30. Qc3 Nb4 31. Qe3 Rc6 32. Rxc5 Rxc5 33. Qxc5 Rc8 34. Qxe5 Qd8 35. Rd1 Nc6 36. Qf4 Qb6+ 37. Kg2 Nd8 38. Rc1 Rc5 39. d7 Rxc1 40. Qxc1 Qc6 41. Qxc6 Nxc6 42. Bd5 Nd8 43. f4 h5 44. f5 Bh7 45. Nd6 Kf8 46. Nxf7 1-0

[Event "RUS IPCA-ch"]
[Site "Adler"]
[Date "2009.10.11"]
[Round "?"]
[White "Tsapalin, Sergey"]
[Black "Olshansky, Alexander"]
[Result "0-1"]
[WhiteElo "1996"]
[BlackElo "2202"]
[PlyCount "54"]
[EventDate "2009.10.07"]
[EventType "swiss"]
[EventRounds "9"]
[EventCountry "RUS"]
[SourceTitle "EXT 2023"]
[Source "ChessBase"]
[SourceDate "2022.10.05"]
[SourceVersion "1"]
[SourceVersionDate "2022.10.05"]
[SourceQuality "1"]

1. e4 c5 2. Nf3 d6 3. d4 cxd4 4. Nxd4 Nf6 5. Nc3 Nc6 6. Be2 e6 7. Bg5 a6 8. a4 Be7 9. Qd2 Bd7 10. Rd1 Qa5 11. Nb3 Qb4 12. 0-0 Rc8 13. f4 h6 14. Bh4 Qb6+ 15. Kh1 Qc7 16. Bg3 Nb4 17. e5 dxe5 18. fxe5 Nfd5 19. Nxd5 Nxd5 20. c4 Bg5 21. Qd3 Ne3 22. Bh5 Nxf1 23. Rxf1 0-0 24. Nd2 Bxa4 25. Ne4 Qxc4 26. Qf3 Bc6 27. Bxf7+ Kh8 0-1

[Event "Doroshkevich Memorial op"]
[Site "Belorechensk"]
[Date "2007.06.01"]
[Round "4"]
[White "Olshansky, Alexander"]
[Black "Piven, Vladimir"]
[Result "0-1"]
[WhiteElo "2245"]
[BlackElo "2138"]
[PlyCount "94"]
[EventDate "2007.05.29"]
[EventType "swiss"]
[EventRounds "9"]
[EventCountry "RUS"]
[SourceTitle "EXT 2008"]
[Source "ChessBase"]
[SourceDate "2007.11.25"]
[SourceVersion "1"]
[SourceVersionDate "2007.11.25"]
[SourceQuality "1"]

1. d4 Nf6 2. Nf3 d5 3. c4 e6 4. Nc3 Be7 5. Bf4 c6 6. e3 Nbd7 7. c5 Ne4 8. Nxe4 dxe4 9. Nd2 f5 10. Bc4 Nf6 11. Qb3 Nd5 12. Be5 Bf6 13. Bd6 Be7 14. Bg3 0-0 15. 0-0-0 b6 16. f3 bxc5 17. fxe4 fxe4 18. Nxe4 cxd4 19. exd4 a5 20. Rhe1 a4 21. Qd3 a3 22. b3 Qb6 23. Kb1 Ba6 24. Rc1 Bxc4 25. Qxc4 Bb4 26. Re2 Rac8 27. Nc5 Bxc5 28. dxc5 Qa5 29. Be5 Rf7 30. Qg4 Re8 31. h4 Qb5 32. Qc4 Qa5 33. h5 h6 34. Qg4 Qb5 35. Rc4 Ree7 36. Kc2 Rf2 37. Qe4 Nb4+ 38. Kb1 Rf1+ 39. Re1 Ref7 40. Bc3 Nd5 41. Bd2 R1f2 42. Re2 Rf1+ 43. Kc2 Ra1 44. Qxe6 Rxa2+ 45. Kd3 Qxb3+ 46. Kd4 Qb2+ 47. Ke4 Qb1+ 0-1

[Event "Doroshkevich Memorial op"]
[Site "Belorechensk"]
[Date "2007.05.30"]
[Round "2"]
[White "Olshansky, Alexander"]
[Black "Demchenko, Anton"]
[Result "0-1"]
[WhiteElo "2245"]
[BlackElo "2431"]
[PlyCount "44"]
[EventDate "2007.05.29"]
[EventType "swiss"]
[EventRounds "9"]
[EventCountry "RUS"]
[SourceTitle "EXT 2008"]
[Source "ChessBase"]
[SourceDate "2007.11.25"]
[SourceVersion "1"]
[SourceVersionDate "2007.11.25"]
[SourceQuality "1"]

1. d4 d5 2. c4 e5 3. dxe5 d4 4. Nf3 Nc6 5. g3 Bg4 6. Nbd2 Qd7 7. Bg2 Bh3 8. 0-0 Bxg2 9. Kxg2 0-0-0 10. a3 h5 11. h4 Nge7 12. Qc2 Ng6 13. b4 Ncxe5 14. Bb2 d3 15. exd3 Nxd3 16. Rh1 Qg4 17. Kf1 Be7 18. Bxg7 Rhe8 19. Bh6 f5 20. Rd1 f4 21. Kg2 fxg3 22. fxg3 Bc5 0-1

[Event "Doroshkevich Memorial op"]
[Site "Belorechensk"]
[Date "2007.05.29"]
[Round "1"]
[White "Rubanov, Sergey"]
[Black "Olshansky, Alexander"]
[Result "0-1"]
[WhiteElo "1795"]
[BlackElo "2245"]
[PlyCount "68"]
[EventDate "2007.05.29"]
[EventType "swiss"]
[EventRounds "9"]
[EventCountry "RUS"]
[SourceTitle "EXT 2008"]
[Source "ChessBase"]
[SourceDate "2007.11.25"]
[SourceVersion "1"]
[SourceVersionDate "2007.11.25"]
[SourceQuality "1"]

1. e4 c5 2. Nf3 d6 3. d4 cxd4 4. Nxd4 Nf6 5. Nc3 Nc6 6. Be3 Ng4 7. Bb5 Nxe3 8. Nxc6 Nxd1 9. Nxd8+ Kxd8 10. Rxd1 e6 11. 0-0 a6 12. Ba4 b5 13. Bb3 Bb7 14. a3 g6 15. Rfe1 Ke7 16. f4 Bg7 17. Rd3 Rac8 18. Nd1 a5 19. c3 b4 20. e5 dxe5 21. fxe5 bxa3 22. bxa3 Rc5 23. Rde3 Rhc8 24. Ba4 h5 25. h3 Rd8 26. Bb3 Rd2 27. Nf2 Bh6 28. R3e2 Rxc3 29. Rxd2 Bxd2 30. Rb1 Rg3 31. Ba4 Bxg2 32. Kh2 Bf4 33. Nd3 Rxd3+ 34. Kxg2 Rxa3 0-1

[Event "RUS-ch 60th zt"]
[Site "Rostov on Don"]
[Date "2007.03.??"]
[Round "4"]
[White "Olshansky, Alexander"]
[Black "Mandrikin, Igor"]
[Result "0-1"]
[WhiteElo "2245"]
[BlackElo "2314"]
[PlyCount "72"]
[EventDate "2007.03.16"]
[EventType "swiss"]
[EventRounds "9"]
[EventCountry "RUS"]
[SourceTitle "EXT 2022"]
[Source "ChessBase"]
[SourceDate "2021.10.06"]
[SourceVersion "1"]
[SourceVersionDate "2021.10.06"]
[SourceQuality "1"]

1. d4 Nf6 2. c4 e6 3. Nc3 Bb4 4. f3 d5 5. a3 Bxc3+ 6. bxc3 0-0 7. e3 c5 8. cxd5 exd5 9. Bd3 Re8 10. Ne2 b6 11. 0-0 Ba6 12. Bxa6 Nxa6 13. Qd3 Nb8 14. Ng3 Nc6 15. Qb5 Na5 16. Ra2 Rc8 17. Nf5 Rc6 18. g4 Qc8 19. Bd2 Nc4 20. Bc1 h5 21. h3 g6 22. Nh6+ Kg7 23. g5 Nh7 24. e4 Nd6 25. Qb1 cxd4 26. cxd4 dxe4 27. fxe4 Rxe4 28. d5 Rc3 29. Bb2 Nxg5 30. Qc1 Qc5+ 31. Kh1 Ree3 32. Bxc3+ Kxh6 33. Rc2 Rxh3+ 34. Kg2 Qxd5+ 35. Kf2 Nde4+ 36. Ke1 Nxc3 0-1